1769 1131 1303 1228 1663 1411 1882 1498 1880 1456 1959 1037 1685 1020 1775 1579 1010 1252 1282 1240 1094 1146 1844 1077 1467 1053 1890 1634 1323 1790 1206 1641 1080 1530 1374 1307 1420 1444 1098 1988 1055 1992 1131 1518 1279 1552 1678 1701 1087 1119 1000 1931 1881 1685 1896 1545 1714 1896 1160 1299 1722 1925 1044 1157 1857 1594 1704 1278 1898 1563 1636 1745 1643 1194 1054 1243 1344 1176 1794 1521 1611 1507 1638 1898 1749 1330 1568 1735 1716 1015 1423 1548 1427 1156 1058 1871 1791 1983 1163 BCNSPRNW ULIB Ver.6.0+V

เปลี่ยนเป็นภาษาไทย

Change to English
 แสดงรายละเอียดบรรณานุกรม
  กลับหน้าหลัก

Brief Record : Get Marc (ISO 2709) : E-mail record : QR code < ปิดหน้าต่าง
LEADER : 00000nam 2200000uu 4500
001    13399122649
003     ULIB
008    130821s2555||||th 000 0 tha d
020    ^a9786162790324
060  4 WQ300^bว582ก
100 0  ^aวิทยา ถิฐาพันธ์
245 10 ^aการซ่อมแซมแผลฝีเย็บที่ฉีกขาดจากการคลอด =^bRepair of obstetric perineal lacerations /^cวิทยา ถิฐาพันธ์ ; [ผู้วาดภาพประกอบ, จิรนันท์ ทรัพย์ทวีผลบุญ]
246 31 ^aRepair of obstetric perineal lacerations
250    ^aพิมพ์ครั้งที่ 1
260    ^aกรุงเทพฯ :^bภาควิชาสูติศาสตร์-นรีเวชวิทยา คณะแพทยศาสตร์ศิริราชพยาบาล มหาวิทยาลัยมหิดล,^c2555
300    ^a66 หน้า :^bภาพประกอบ ;^c27 ซม.
650  4 ^aการคลอด
650  4 ^aฝีเย็บ
650  4 ^aสูติศาสตร์
653    ^aผลงานอาจารย์คณะแพทยศาสตร์ศิริราชพยาบาล
700 0  ^aจิรนันท์ ทรัพย์ทวีผลบุญ,^eผู้เขียนภาพประกอบ
710 2  ^aมหาวิทยาลัยมหิดล. ^bคณะแพทยศาสตร์ศิริราชพยาบาล.^bภาควิชาสูติศาสตร์-นรีเวชวิทยา
945    ^p120^l0^i033831
945    ^p120^l0^i033832
945    ^p120^l0^i033833
945    ^p120^l0^i033834
945    ^p120^l0^i033835
945    ^p120^l0^i033836
945    ^p120^l0^i033837
945    ^p120^l0^i033838
945    ^p120^l0^i033839
945    ^p120^l0^i033840
945    ^p120^l0^i033841
945    ^p120^l0^i033842
945    ^p120^l0^i033843
945    ^p120^l0^i033844
999    ^aเกษร โพธิ์สุวรรณ
รายการนี้ยังไม่มีแท็ก
คุณยังไม่ได้ล็อกอิน คุณสามารถมีกิจกรรมร่วมกับเว็บไซต์ได้ แต่ต้องล็อกอินก่อน ::
  ล็อกอิน

รายการสื่อสารสนเทศ

ลำดับที่ ประเภท เลขเรียก/บาร์โค้ด สถานที่ สถานะ
1. วิทยาศาสตร์การแพทย์ และสุขภาพ
หนังสือสำรอง
สถานะ=หนังสือสำรอง
WQ300 ว582ก ฉ.1 
  Barcode: 033831
ห้องสมุดวิทยาเขตสวรรค์ประชารักษ์
►ส่วนจัดเก็บหนังสือเก่า สปร
บนชั้น
  ขอยืม
2. วิทยาศาสตร์การแพทย์ และสุขภาพ
วิทยาศาสตร์การแพทย์ และสุขภาพ
WQ300 ว582ก ฉ.10 
  Barcode: 033840
ห้องสมุดวิทยาเขตสวรรค์ประชารักษ์
►ส่วนจัดเก็บหนังสือเก่า สปร
บนชั้น
  ขอยืม
3. วิทยาศาสตร์การแพทย์ และสุขภาพ
วิทยาศาสตร์การแพทย์ และสุขภาพ
WQ300 ว582ก ฉ.11 
  Barcode: 033841
ห้องสมุดวิทยาเขตสวรรค์ประชารักษ์
►ส่วนจัดเก็บหนังสือเก่า สปร
บนชั้น
  ขอยืม
4. วิทยาศาสตร์การแพทย์ และสุขภาพ
วิทยาศาสตร์การแพทย์ และสุขภาพ
WQ300 ว582ก ฉ.12 
  Barcode: 033842
ห้องสมุดวิทยาเขตสวรรค์ประชารักษ์
►ส่วนจัดเก็บหนังสือเก่า สปร
บนชั้น
  ขอยืม
5. วิทยาศาสตร์การแพทย์ และสุขภาพ
วิทยาศาสตร์การแพทย์ และสุขภาพ
WQ300 ว582ก ฉ.13 
  Barcode: 033843
ห้องสมุดวิทยาเขตสวรรค์ประชารักษ์
►ส่วนจัดเก็บหนังสือเก่า สปร
บนชั้น
  ขอยืม
6. วิทยาศาสตร์การแพทย์ และสุขภาพ
วิทยาศาสตร์การแพทย์ และสุขภาพ
WQ300 ว582ก ฉ.14 
  Barcode: 033844
ห้องสมุดวิทยาเขตสวรรค์ประชารักษ์
►ส่วนจัดเก็บหนังสือเก่า สปร
บนชั้น
  ขอยืม
7. วิทยาศาสตร์การแพทย์ และสุขภาพ
วิทยาศาสตร์การแพทย์ และสุขภาพ
WQ300 ว582ก ฉ.2 
  Barcode: 033832
ห้องสมุดวิทยาเขตสวรรค์ประชารักษ์
►ส่วนจัดเก็บหนังสือเก่า สปร
บนชั้น
  ขอยืม
8. วิทยาศาสตร์การแพทย์ และสุขภาพ
วิทยาศาสตร์การแพทย์ และสุขภาพ
WQ300 ว582ก ฉ.3 
  Barcode: 033833
ห้องสมุดวิทยาเขตสวรรค์ประชารักษ์
►ส่วนจัดเก็บหนังสือเก่า สปร
บนชั้น
  ขอยืม
9. วิทยาศาสตร์การแพทย์ และสุขภาพ
วิทยาศาสตร์การแพทย์ และสุขภาพ
WQ300 ว582ก ฉ.4 
  Barcode: 033834
ห้องสมุดวิทยาเขตสวรรค์ประชารักษ์
►ส่วนจัดเก็บหนังสือเก่า สปร
บนชั้น
  ขอยืม
10. วิทยาศาสตร์การแพทย์ และสุขภาพ
วิทยาศาสตร์การแพทย์ และสุขภาพ
WQ300 ว582ก ฉ.5 
  Barcode: 033835
ห้องสมุดวิทยาเขตสวรรค์ประชารักษ์
►ส่วนจัดเก็บหนังสือเก่า สปร
บนชั้น
  ขอยืม
11. วิทยาศาสตร์การแพทย์ และสุขภาพ
วิทยาศาสตร์การแพทย์ และสุขภาพ
WQ300 ว582ก ฉ.6 
  Barcode: 033836
ห้องสมุดวิทยาเขตสวรรค์ประชารักษ์
►ส่วนจัดเก็บหนังสือเก่า สปร
บนชั้น
  ขอยืม
12. วิทยาศาสตร์การแพทย์ และสุขภาพ
วิทยาศาสตร์การแพทย์ และสุขภาพ
WQ300 ว582ก ฉ.7 
  Barcode: 033837
ห้องสมุดวิทยาเขตสวรรค์ประชารักษ์
►ส่วนจัดเก็บหนังสือเก่า สปร
บนชั้น
  ขอยืม
13. วิทยาศาสตร์การแพทย์ และสุขภาพ
วิทยาศาสตร์การแพทย์ และสุขภาพ
WQ300 ว582ก ฉ.8 
  Barcode: 033838
ห้องสมุดวิทยาเขตสวรรค์ประชารักษ์
►ส่วนจัดเก็บหนังสือเก่า สปร
บนชั้น
  ขอยืม
14. วิทยาศาสตร์การแพทย์ และสุขภาพ
วิทยาศาสตร์การแพทย์ และสุขภาพ
WQ300 ว582ก ฉ.9 
  Barcode: 033839
ห้องสมุดวิทยาเขตสวรรค์ประชารักษ์
►ส่วนจัดเก็บหนังสือเก่า สปร
บนชั้น
  ขอยืม

รายการใกล้เคียง
    ผู้แต่ง [วิทยา ถิฐาพันธ์]

    หัวเรื่อง [การคลอด]
    หัวเรื่อง [ฝีเย็บ]
    หัวเรื่อง [สูติศาสตร์]

BibComment


ยังไม่เคยถูกคอมเมนท์

คอมเมนท์ทรัพยากรรายการนี้
  คอมเมนท์: การซ่อมแซมแผลฝีเ..


 Copyright 2026. Bcnsprnw @Library